000 00866cab a2200277 4500
001 ABS48205
008 090401t1993 xxu||||| |||| 00| 0 eng d
035 _a(Sirsi) u65449
041 _aeng
100 _aBell, R.
245 _aGATT - to be or not to be?
260 _c1993
350 _a0
490 _aEuropean Business Monitor
_v5(5) February 1993, 35-36(2)
520 _aExplains the background to the General Agreement on Tariffs and Trade and explores the issues currently being negotiated. The importance and benefits of an agreement are evaluated, and a view on its prospects expressed.
650 _aAGRICULTURE
650 _aEXPORTS
650 _aGATT
650 _aIMPORTS
650 _aINTERNATIONAL TRADE
650 _aURUGUAY ROUND
690 _aECONOMIC AND SOCIAL
700 _aDowson, J.
942 _n0
948 _c04/03/1997
999 _c40812
_d40812